Statistiques concernant Focus sur: Ginny Weasley - Harry Potter

Cliquez ici pour prendre le quiz!

Statistiques générales

  • Ce quiz a été pris 1 379 fois
    (1 279 depuis la dernière actualisation)
  • Le résultat moyen est 22 sur 27

Statistiques - réponses

Informations recherchéesRéponses% Correct
ÉpouxHarry Potter
99%
Ecole fréquentéePoudlard
98%
PèreArthur Weasley
97%
FrèreFred Weasley
97%
FrèreGeorge Weasley
97%
MèreMolly Weasley
97%
FrèreRon Weasley
97%
Statut du sangSang-Pur
97%
FrèreBill Weasley
96%
FrèrePercy Weasley
96%
FilsAlbus Potter
95%
FrèreCharlie Weasley
95%
Maison fréquentéeGryffondor
94%
Première apparitionHarry Potter à l'école des sorciers
92%
FilsJames Potter
92%
FilleLily Potter
92%
Lieu de rencontre avec Harry PotterQuai 9 3/4
92%
Couleur des cheveuxRoux
91%
Poste occupé au QuidditchPoursuiveuse/Attrapeuse
88%
PatronusCheval
74%
Profession du pèreEmployé au ministère de la Magie
72%
Profession (adulte)Joueuse de Quidditch/Journaliste
60%
Actrice l'interprétant dans les filmsBonnie Wright
59%
Vrai prénomGinevra
54%
Nom de l'animal de compagnieArnold
51%
Espèce de l'animal de compagnieBoursouflet
51%
Bois de la baguetteIf
27%

Distribution des résultats

Percentile par nombre de réponses

% des personnes avec chaque résultat

Votre développement - résultats

Vous n’avez pas pris ce quiz depuis la dernière actualisation